MCSE : SQL server 7 Administration study guide

Bewaard in:
Bibliografische gegevens
Hoofdauteur: Lance Mortensen
Formaat: Boek
Taal:Undetermined
Gepubliceerd in: San Francisco, CA SYBEX 1999
Onderwerpen:
Tags: Voeg label toe
Geen labels, Wees de eerste die dit record labelt!
Thư viện lưu trữ: Trung tâm Học liệu Trường Đại học Cần Thơ
LEADER 00571nam a2200193Ia 4500
001 CTU_74955
008 210402s9999 xx 000 0 und d
082 |a 005.758 
082 |b M887 
100 |a Lance Mortensen 
245 0 |a MCSE : SQL server 7 Administration study guide 
245 0 |c Lance Mortensen and Rick Sawtell 
260 |a San Francisco, CA 
260 |b SYBEX 
260 |c 1999 
650 |a sql ( computer programs ),database administration 
650 |x computer programs 
904 |i Minh 
980 |a Trung tâm Học liệu Trường Đại học Cần Thơ